[Event "Espirito Santo-ch"]
[Site "Vitoria"]
[Date "2019.12.06"]
[Round "1"]
[White "Alves, Alessandro Cunha"]
[Black "Souza Filho, Namyr Carlos"]
[Result "0-1"]
[WhiteElo "1835"]
[BlackElo "2086"]
[PlyCount "90"]
[EventDate "2019.12.06"]
[EventType "swiss"]
[EventRounds "6"]
[EventCountry "BRA"]
[SourceTitle "EXT 2021"]
[Source "ChessBase"]
[SourceDate "2020.10.23"]
[SourceVersion "1"]
[SourceVersionDate "2020.10.23"]
[SourceQuality "1"]

1. d4 Nf6 2. Nf3 e6 3. Bf4 d5 4. e3 Bd6 5. Bg3 c5 6. c3 Nc6 7. Nbd2 Qc7 8. Bd3 b6 9. Bh4 Nd7 10. Qe2 f5 11. Ng5 Nf6 12. f4 c4 13. Bc2 b5 14. a3 a5 15. 0-0 0-0 16. Ngf3 Ne4 17. Ne5 Nxd2 18. Qxd2 Nxe5 19. fxe5 Be7 20. Bxe7 Qxe7 21. Rf2 Bd7 22. Raf1 b4 23. axb4 axb4 24. Rf3 Ra2 25. Bb1 bxc3 26. Qxc3 Raa8 27. h3 Rab8 28. Qc2 Qb4 29. R3f2 Qe7 30. g4 Qg5 31. Rf4 g6 32. Kh2 Rb3 33. Qc1 Rfb8 34. R1f2 c3 35. gxf5 exf5 36. Rg2 Rxb2 37. Bc2 Qe7 38. h4 Kh8 39. Qe1 Ra2 40. h5 Rbb2 41. Qxc3 Ba4 42. Qc8+ Kg7 43. Rff2 Bb5 44. Qxf5 Qh4+ 45. Kg1 Ra1+ 0-1

[Event "BRA-ch Amateur U2000"]
[Site "Sao Paulo"]
[Date "2019.06.22"]
[Round "6"]
[White "Alves, Alessandro Cunha"]
[Black "Mota, Romulo Rodrigues"]
[Result "1/2-1/2"]
[WhiteElo "1836"]
[BlackElo "1938"]
[PlyCount "41"]
[EventDate "2019.06.20"]
[EventType "swiss"]
[EventRounds "7"]
[EventCountry "BRA"]
[SourceTitle "EXT 2020"]
[Source "ChessBase"]
[SourceDate "2019.10.17"]
[SourceVersion "1"]
[SourceVersionDate "2019.10.17"]
[SourceQuality "1"]

1. Nf3 e6 2. d4 d5 3. Bf4 c5 4. c3 Qb6 5. Qc2 cxd4 6. cxd4 Nc6 7. e3 Nf6 8. a3 Bd7 9. Bd3 Rc8 10. Nc3 Be7 11. 0-0 0-0 12. Rac1 Na5 13. Ne5 h6 14. Qe2 a6 15. Nxd7 Nxd7 16. Bxh6 gxh6 17. Qg4+ Kh8 18. Qh5 Kg7 19. Qg4+ Kh8 20. Qh5 Kg7 21. Qg4+ 1/2-1/2

[Event "Guarapari Regional Sudeste"]
[Site "Guarapari"]
[Date "2018.08.03"]
[Round "1"]
[White "Alves, Alessandro Cunha"]
[Black "Lima, Darcy Gustavo Macha"]
[Result "0-1"]
[WhiteElo "1818"]
[BlackElo "2544"]
[PlyCount "90"]
[EventDate "2018.08.03"]
[EventType "swiss"]
[EventRounds "6"]
[EventCountry "BRA"]
[SourceTitle "EXT 2019"]
[Source "ChessBase"]
[SourceDate "2018.10.10"]
[SourceVersion "1"]
[SourceVersionDate "2018.10.10"]
[SourceQuality "1"]

1. d4 Nf6 2. c4 g6 3. Nf3 Bg7 4. g3 0-0 5. Bg2 d6 6. 0-0 Nc6 7. Nc3 e5 8. dxe5 dxe5 9. Qxd8 Rxd8 10. Bg5 Be6 11. Nd2 h6 12. Bxf6 Bxf6 13. Rfd1 Bg7 14. Nd5 Rac8 15. Rac1 Bf8 16. a3 Nd4 17. Kf1 c6 18. Nf6+ Kg7 19. Nfe4 f5 20. Nc3 e4 21. e3 Nb3 22. Nxb3 Bxc4+ 23. Ne2 Bxb3 24. Rxd8 Rxd8 25. Nd4 Bf7 26. b4 Rd5 27. Ke1 c5 28. Nc2 cxb4 29. Nxb4 Rc5 30. Rxc5 Bxc5 31. Kd2 Kf6 32. Bf1 Ke5 33. Kc3 g5 34. Bc4 Be8 35. Nc2 b5 36. Be2 a5 37. Nd4 Bxd4+ 38. exd4+ Kd5 39. h4 gxh4 40. gxh4 f4 41. f3 e3 42. Bd3 b4+ 43. axb4 axb4+ 44. Kxb4 Kxd4 45. Be2 Bg6 0-1

[Event "Serra CRXC 2nd"]
[Site "Serra"]
[Date "2018.07.22"]
[Round "4"]
[White "Vieira, Paulo Cesar"]
[Black "Alves, Alessandro Cunha"]
[Result "0-1"]
[WhiteElo "1809"]
[BlackElo "1813"]
[PlyCount "50"]
[EventDate "2018.07.19"]
[EventType "tourn"]
[EventRounds "5"]
[EventCountry "BRA"]
[SourceTitle "CBM 186 Extra"]
[Source "ChessBase"]
[SourceDate "2018.08.24"]
[SourceVersion "1"]
[SourceVersionDate "2018.08.24"]
[SourceQuality "1"]

1. e4 e6 2. d3 d5 3. Nd2 c5 4. Ngf3 Nc6 5. g3 Nf6 6. Bg2 Bd6 7. 0-0 0-0 8. Re1 Qc7 9. Qe2 Nd7 10. Nf1 d4 11. h4 e5 12. N1h2 Nf6 13. Bg5 Ng4 14. Rf1 f6 15. Bd2 b5 16. Ne1 Nxh2 17. Kxh2 Be6 18. Bh3 Bxh3 19. Kxh3 f5 20. Ng2 f4 21. gxf4 exf4 22. f3 Rf6 23. Rad1 Rg6 24. Be1 Re8 25. Bf2 Qd7+ 0-1

[Event "Serra CRXC 1st"]
[Site "Serra"]
[Date "2018.05.05"]
[Round "8"]
[White "Alves, Alessandro Cunha"]
[Black "Souza, Antonio Inacio De"]
[Result "1/2-1/2"]
[WhiteElo "1819"]
[BlackElo "1822"]
[PlyCount "38"]
[EventDate "2018.04.20"]
[EventType "tourn"]
[EventRounds "10"]
[EventCountry "BRA"]
[SourceTitle "EXT 2019"]
[Source "ChessBase"]
[SourceDate "2018.10.10"]
[SourceVersion "1"]
[SourceVersionDate "2018.10.10"]
[SourceQuality "1"]

1. e4 e6 2. d4 d5 3. Nc3 dxe4 4. Nxe4 Nf6 5. Bg5 Be7 6. Nxf6+ Bxf6 7. Bxf6 Qxf6 8. Nf3 0-0 9. Bd3 Nc6 10. c3 Bd7 11. 0-0 Rad8 12. Qe2 Ne7 13. Qe4 g6 14. Ne5 Bc6 15. Nxc6 Nxc6 16. Rfe1 e5 17. dxe5 Nxe5 18. Qxe5 Qxe5 19. Rxe5 Rxd3 1/2-1/2

[Event "Serra CRXC 1st"]
[Site "Serra"]
[Date "2018.04.21"]
[Round "3"]
[White "Souza, Antonio Inacio De"]
[Black "Alves, Alessandro Cunha"]
[Result "1/2-1/2"]
[WhiteElo "1822"]
[BlackElo "1819"]
[PlyCount "30"]
[EventDate "2018.04.20"]
[EventType "tourn"]
[EventRounds "10"]
[EventCountry "BRA"]
[SourceTitle "EXT 2019"]
[Source "ChessBase"]
[SourceDate "2018.10.10"]
[SourceVersion "1"]
[SourceVersionDate "2018.10.10"]
[SourceQuality "1"]

1. d4 Nf6 2. Nf3 d5 3. Bf4 e6 4. e3 Bd6 5. Bg3 0-0 6. Nbd2 g6 7. c3 Re8 8. Ne5 Nfd7 9. Bb5 a6 10. Bxd7 Bxd7 11. 0-0 Nc6 12. Ndf3 Nxe5 13. Nxe5 f6 14. Nxd7 Qxd7 15. Bxd6 Qxd6 1/2-1/2

[Event "Brazil Pocos de Caldas op"]
[Site "Pocos de Caldas"]
[Date "2018.03.02"]
[Round "1"]
[White "Alves, Alessandro Cunha"]
[Black "Brito, Luismar Jorge"]
[Result "0-1"]
[WhiteElo "1819"]
[BlackElo "2346"]
[PlyCount "100"]
[EventDate "2018.03.02"]
[EventType "swiss"]
[EventRounds "6"]
[EventCountry "BRA"]
[SourceTitle "CBM 183 Extra"]
[Source "ChessBase"]
[SourceDate "2018.04.19"]
[SourceVersion "1"]
[SourceVersionDate "2018.04.19"]
[SourceQuality "1"]

1. d4 Nf6 2. c4 e6 3. a3 b6 4. Nc3 Bb7 5. Bg5 Be7 6. e3 h6 7. Bh4 d6 8. Nf3 Nbd7 9. Be2 Ne4 10. Bxe7 Qxe7 11. Rc1 0-0 12. 0-0 f5 13. Nd2 Ng5 14. Qc2 c5 15. d5 e5 16. f4 Nh7 17. Nb5 exf4 18. Rxf4 Qxe3+ 19. Rf2 Rf6 20. Nc7 Rc8 21. Ne6 Ng5 22. Nxg5 hxg5 23. Nf1 Qe5 24. Ng3 g6 25. Qa4 Rc7 26. Qc2 Rf8 27. Qd2 Qe7 28. Re1 Ne5 29. b3 Rcc8 30. h3 Rce8 31. Nf1 Bc8 32. Nh2 Bd7 33. Nf3 Nxf3+ 34. Rxf3 f4 35. Rff1 Qe3+ 36. Qxe3 Rxe3 37. Bd1 Rfe8 38. Kf2 Kf7 39. Rxe3 Rxe3 40. Re1 Rxe1 41. Kxe1 Kf6 42. Bc2 g4 43. h4 Bf5 44. Bd1 Ke5 45. Kd2 Kd4 46. Be2 g3 47. Bf3 Bd3 48. Bg4 Be4 49. Bh3 a6 50. a4 a5 0-1

[Event "Florianopolis op 4th"]
[Site "Florianopolis"]
[Date "2018.01.21"]
[Round "4"]
[White "Primo E Silva, Beatriz"]
[Black "Alves, Alessandro Cunha"]
[Result "1/2-1/2"]
[WhiteElo "1617"]
[BlackElo "1852"]
[PlyCount "74"]
[EventDate "2018.01.19"]
[EventType "swiss"]
[EventRounds "10"]
[EventCountry "BRA"]
[SourceTitle "CBM 182 Extra"]
[Source "ChessBase"]
[SourceDate "2018.02.23"]
[SourceVersion "1"]
[SourceVersionDate "2018.02.23"]
[SourceQuality "1"]

1. e4 c5 2. c3 Nf6 3. e5 Nd5 4. d4 cxd4 5. Nf3 e6 6. cxd4 d6 7. Bc4 dxe5 8. dxe5 Bb4+ 9. Bd2 Nc6 10. Bxb4 Ndxb4 11. Qxd8+ Nxd8 12. Na3 a6 13. 0-0 b5 14. Be2 Bb7 15. Rac1 0-0 16. Nc2 Ndc6 17. a3 Nxc2 18. Rxc2 Rac8 19. Rd1 Rfd8 20. Rcd2 Kf8 21. Rxd8+ Rxd8 22. Rxd8+ Nxd8 23. Nd4 Ke7 24. h4 Nc6 25. Nxc6+ Bxc6 26. Kh2 Kd7 27. b4 Bd5 28. Bf3 Kc6 29. Be2 Be4 30. g3 Kd5 31. Kh3 f6 32. exf6 gxf6 33. Bf1 Bc2 34. Be2 Bb3 35. Bd3 h6 36. Be2 Bc2 37. Bf1 Bd1 1/2-1/2

[Event "Florianopolis op 4th"]
[Site "Florianopolis"]
[Date "2018.01.20"]
[Round "2"]
[White "Leao, Tales Braghini"]
[Black "Alves, Alessandro Cunha"]
[Result "1-0"]
[WhiteElo "2023"]
[BlackElo "1852"]
[PlyCount "55"]
[EventDate "2018.01.19"]
[EventType "swiss"]
[EventRounds "10"]
[EventCountry "BRA"]
[SourceTitle "CBM 182 Extra"]
[Source "ChessBase"]
[SourceDate "2018.02.23"]
[SourceVersion "1"]
[SourceVersionDate "2018.02.23"]
[SourceQuality "1"]

1. e4 c5 2. Nf3 e6 3. d4 cxd4 4. Nxd4 Nc6 5. Nc3 a6 6. Be2 Bb4 7. Nxc6 bxc6 8. Qd4 Bxc3+ 9. Qxc3 Nf6 10. Bg5 h6 11. Bh4 0-0 12. Bxf6 Qxf6 13. e5 Qg5 14. 0-0 f6 15. f4 Qg6 16. Rad1 fxe5 17. fxe5 Rxf1+ 18. Rxf1 Rb8 19. Qc5 Qe8 20. b3 Bb7 21. Bd3 a5 22. Qxa5 Ra8 23. Qb4 Ba6 24. c4 Qh5 25. Qe1 Bb7 26. Qe4 g6 27. Qf4 g5 28. Qe4 1-0

[Event "Guarapari op"]
[Site "Guarapari"]
[Date "2017.09.08"]
[Round "2"]
[White "Alves, Alessandro Cunha"]
[Black "Bortoloso, Moacir Canella"]
[Result "0-1"]
[WhiteElo "1867"]
[BlackElo "2069"]
[PlyCount "106"]
[EventDate "2017.09.07"]
[EventType "swiss"]
[EventRounds "6"]
[EventCountry "BRA"]
[SourceTitle "CBM 180 Extra"]
[Source "ChessBase"]
[SourceDate "2017.10.06"]
[SourceVersion "1"]
[SourceVersionDate "2017.10.06"]
[SourceQuality "1"]

1. d4 Nf6 2. Nf3 e6 3. e3 b6 4. Bd3 Bb7 5. 0-0 c5 6. c3 Be7 7. Nbd2 d5 8. Ne5 0-0 9. b3 Qc7 10. Bb2 Nbd7 11. f4 Rfc8 12. Qc2 Nf8 13. Rf3 Bd6 14. Rh3 g6 15. Rh4 Qe7 16. Rh3 a6 17. Ndf3 Ne4 18. Nd2 cxd4 19. exd4 f5 20. a3 b5 21. Qd1 Rc7 22. Bxe4 fxe4 23. Qe1 Rac8 24. Qh4 Qxh4 25. Rxh4 Nd7 26. Rf1 Nf6 27. g4 Kg7 28. f5 exf5 29. gxf5 Rf8 30. fxg6 hxg6 31. Rhf4 Nh5 32. Rxf8 Bxf8 33. c4 e3 34. Ndf3 bxc4 35. bxc4 dxc4 36. Ng5 Bd5 37. Bc3 Bxa3 38. Ra1 Be7 39. Rxa6 Nf6 40. Ne6+ Bxe6 41. Rxe6 Rb7 42. Kf1 g5 43. Ke2 Nd5 44. Be1 Nf4+ 45. Kxe3 Nxe6 46. Nxc4 Bf6 47. d5 Nc5 48. Bg3 Rb3+ 49. Ke2 Ne4 50. Be1 Nc3+ 51. Bxc3 Rxc3 52. Ne3 Kg6 53. d6 Rc6 0-1

[Event "Praia do Morro Guarapari op"]
[Site "Praia do Morro"]
[Date "2017.04.15"]
[Round "3"]
[White "Alves, Alessandro Cunha"]
[Black "Jacobsen, Abias"]
[Result "1-0"]
[WhiteElo "1852"]
[BlackElo "1877"]
[PlyCount "67"]
[EventDate "2017.04.14"]
[EventType "swiss"]
[EventRounds "6"]
[EventCountry "BRA"]
[SourceTitle "CBM 177 Extra"]
[Source "ChessBase"]
[SourceDate "2017.04.27"]
[SourceVersion "1"]
[SourceVersionDate "2017.04.27"]
[SourceQuality "1"]

1. d4 Nf6 2. c4 e6 3. Nf3 b6 4. g3 Ba6 5. b3 Bb7 6. Bg2 Bb4+ 7. Bd2 a5 8. 0-0 0-0 9. Nc3 d6 10. a3 Bxc3 11. Bxc3 Nbd7 12. Re1 Qe7 13. Nd2 Bxg2 14. Kxg2 e5 15. dxe5 dxe5 16. e4 Rfd8 17. Qc2 Nc5 18. Rad1 Nfd7 19. Nf1 Ne6 20. Qb2 f6 21. Ne3 Ndc5 22. Nd5 Qf7 23. f3 c6 24. Nxb6 Rab8 25. Rxd8+ Nxd8 26. Rd1 Qa7 27. Bxe5 fxe5 28. Qxe5 Nf7 29. Qxc5 Qxb6 30. Qe7 Qxb3 31. Rd7 Qxc4 32. e5 Rb2+ 33. Kh3 Qe6+ 34. Qxe6 1-0

[Event "Guarapari IRT 2nd"]
[Site "Guarapari"]
[Date "2016.03.20"]
[Round "4.3"]
[White "Alves, Alessandro Cunha"]
[Black "Verdibello, Mario Arnaldo Batis"]
[Result "1/2-1/2"]
[WhiteElo "1845"]
[BlackElo "2135"]
[PlyCount "113"]
[EventDate "2016.03.18"]
[EventType "swiss"]
[EventRounds "5"]
[EventCountry "BRA"]
[SourceTitle "EXT 2022"]
[Source "ChessBase"]
[SourceDate "2021.10.06"]
[SourceVersion "1"]
[SourceVersionDate "2021.10.06"]
[SourceQuality "1"]

1. e4 c6 2. d4 d5 3. Nd2 dxe4 4. Nxe4 Bf5 5. Ng3 Bg6 6. Nf3 Nf6 7. h4 Nh5 8. Nxh5 Bxh5 9. Be2 Nd7 10. Ne5 Bxe2 11. Qxe2 Nxe5 12. Qxe5 e6 13. Bf4 Be7 14. 0-0-0 Bf6 15. Qe4 Qd5 16. Qxd5 cxd5 17. Bg5 Ke7 18. Bxf6+ gxf6 19. Rd3 Rhg8 20. g3 Rg4 21. Re1 Rc8 22. b3 b5 23. a3 a5 24. Kb2 Kd6 25. Red1 f5 26. Rc3 Rxc3 27. Kxc3 f4 28. Rd3 f6 29. b4 a4 30. Kd2 e5 31. Rf3 fxg3 32. dxe5+ fxe5 33. fxg3 e4 34. Rf7 Rxg3 35. Rxh7 d4 36. Rh5 Rxa3 37. Rxb5 Rh3 38. h5 Rh2+ 39. Kd1 a3 40. Ra5 a2 41. Rxa2 Ke5 42. b5 Kf4 43. b6 Rxh5 44. Ra3 Rh7 45. Rb3 Rb7 46. Ke2 Ke5 47. c3 dxc3 48. Rxc3 Rxb6 49. Ke3 Kd5 50. Ra3 Rb5 51. Rc3 Rb1 52. Ra3 Re1+ 53. Kd2 Rh1 54. Ke2 Rh2+ 55. Ke1 Kd4 56. Rg3 e3 57. Rg8 1/2-1/2

[Event "Guarapari IRT 2nd"]
[Site "Guarapari"]
[Date "2016.03.19"]
[Round "2.3"]
[White "Alves, Alessandro Cunha"]
[Black "Noseda, Francesco"]
[Result "1-0"]
[WhiteElo "1845"]
[BlackElo "1974"]
[PlyCount "103"]
[EventDate "2016.03.18"]
[EventType "swiss"]
[EventRounds "5"]
[EventCountry "BRA"]
[SourceTitle "EXT 2022"]
[Source "ChessBase"]
[SourceDate "2021.10.06"]
[SourceVersion "1"]
[SourceVersionDate "2021.10.06"]
[SourceQuality "1"]

1. d4 Nf6 2. c4 e6 3. Nc3 Bb4 4. Qc2 b6 5. Bg5 h6 6. Bh4 Bb7 7. f3 d5 8. a3 Bxc3+ 9. Qxc3 0-0 10. e3 Nbd7 11. Bd3 c5 12. Ne2 cxd4 13. exd4 dxc4 14. Bxc4 Rc8 15. Qd3 Qc7 16. Rc1 b5 17. Bb3 Qa5+ 18. Kf2 Bd5 19. Bc2 Bc4 20. Qe3 Nd5 21. Qe4 N7f6 22. Bxf6 Nxf6 23. Qe3 Rfd8 24. Rhd1 Rc7 25. Nc3 Bd5 26. Nxd5 Nxd5 27. Qd3 g6 28. Bb3 a6 29. Bxd5 Rxd5 30. Rxc7 Qxc7 31. Qc3 Qd6 32. g3 Kg7 33. Ke3 Qe7 34. h4 Qd6 35. f4 h5 36. b4 Qd7 37. Rd2 Kh7 38. Rc2 Rd6 39. Qd3 Rd5 40. Rc5 Kg7 41. Qc3 Rxc5 42. dxc5+ Kh7 43. Qd3 Qc6 44. Qe4 Qc7 45. c6 Qb6+ 46. Kd3 a5 47. bxa5 Qxa5 48. Qb4 Qb6 49. a4 Qxc6 50. Qxb5 Qf3+ 51. Kd4 Qf2+ 52. Ke5 1-0

[Event "Guarapari Aberta do Estadual"]
[Site "Guarapari"]
[Date "2015.08.30"]
[Round "6.7"]
[White "Alves, Alessandro Cunha"]
[Black "Boghi, Victor Almeida"]
[Result "1-0"]
[WhiteElo "1847"]
[BlackElo "1625"]
[PlyCount "55"]
[EventDate "2015.08.28"]
[EventType "swiss"]
[EventRounds "6"]
[EventCountry "BRA"]
[SourceTitle "EXT 2022"]
[Source "ChessBase"]
[SourceDate "2021.10.06"]
[SourceVersion "1"]
[SourceVersionDate "2021.10.06"]
[SourceQuality "1"]

1. e4 c5 2. Nc3 Nc6 3. Bb5 Nd4 4. Bc4 a6 5. a3 g6 6. Nge2 Bg7 7. Nxd4 Bxd4 8. Nd5 e6 9. Nf4 Qh4 10. g3 Qd8 11. c3 Bg7 12. 0-0 Nf6 13. d3 0-0 14. Be3 d5 15. exd5 exd5 16. Ba2 b6 17. d4 c4 18. Rc1 b5 19. Bb1 Re8 20. Re1 Bg4 21. f3 Bd7 22. Qd2 Rb8 23. Bf2 Qc7 24. g4 Be6 25. Bg3 Qd7 26. Nxe6 Rxe6 27. Rxe6 Qxe6 28. Bxb8 1-0

[Event "Guarapari Aberta do Estadual"]
[Site "Guarapari"]
[Date "2015.08.28"]
[Round "1.2"]
[White "Souza Filho, Namyr Carlos"]
[Black "Alves, Alessandro Cunha"]
[Result "1-0"]
[WhiteElo "2074"]
[BlackElo "1847"]
[PlyCount "77"]
[EventDate "2015.08.28"]
[EventType "swiss"]
[EventRounds "6"]
[EventCountry "BRA"]
[SourceTitle "EXT 2022"]
[Source "ChessBase"]
[SourceDate "2021.10.06"]
[SourceVersion "1"]
[SourceVersionDate "2021.10.06"]
[SourceQuality "1"]

1. Nf3 Nf6 2. d4 g6 3. b3 d5 4. Bb2 Bg7 5. Nbd2 Nbd7 6. e3 0-0 7. Bd3 b6 8. 0-0 Bb7 9. c4 c5 10. cxd5 Nxd5 11. Re1 Re8 12. Nc4 cxd4 13. exd4 b5 14. Nce5 a6 15. Qd2 e6 16. Rac1 N7f6 17. Ng5 Re7 18. Ba3 b4 19. Bxb4 Nxb4 20. Qxb4 Nd5 21. Qd2 Bxe5 22. dxe5 Rd7 23. Ne4 Kg7 24. Nc5 Re7 25. Be4 Rc8 26. Nxb7 Rxb7 27. Rxc8 Qxc8 28. Bxd5 exd5 29. Qxd5 Rd7 30. Qf3 Qd8 31. g3 Rd2 32. a4 a5 33. h4 h5 34. e6 fxe6 35. Rxe6 Rd6 36. Qb7+ Rd7 37. Qe4 Rd1+ 38. Kh2 Rd7 39. Qxg6+ 1-0

[Event "Espirito Santo-ch"]
[Site "Vitoria"]
[Date "2014.10.12"]
[Round "5"]
[White "Souza Filho, Namyr Carlos"]
[Black "Alves, Alessandro Cunha"]
[Result "1-0"]
[WhiteElo "2111"]
[BlackElo "1838"]
[PlyCount "89"]
[EventDate "2014.10.09"]
[EventType "swiss"]
[EventRounds "6"]
[EventCountry "BRA"]
[SourceTitle "EXT 2022"]
[Source "ChessBase"]
[SourceDate "2021.10.06"]
[SourceVersion "1"]
[SourceVersionDate "2021.10.06"]
[SourceQuality "1"]

1. c4 e5 2. g3 Nc6 3. Bg2 Bc5 4. Nc3 a6 5. e3 Nge7 6. Nge2 d6 7. a3 Be6 8. b4 Bb6 9. Nd5 0-0 10. 0-0 Qd7 11. Nec3 Nd8 12. Nxb6 cxb6 13. Nd5 Nxd5 14. cxd5 Bh3 15. Bb2 Bxg2 16. Kxg2 Qf5 17. Qb3 f6 18. d3 Nf7 19. e4 Qd7 20. Rac1 Rac8 21. Rxc8 Rxc8 22. Rc1 Rxc1 23. Bxc1 Qc8 24. Qc4 Qd7 25. Be3 b5 26. Qc2 Kf8 27. h3 Ng5 28. g4 Ke7 29. Kg3 Nf7 30. Bb6 g5 31. Be3 Nh8 32. h4 h6 33. hxg5 fxg5 34. Qc1 Nf7 35. d4 Kf6 36. f3 Qd8 37. dxe5+ Nxe5 38. Bd4 Qd7 39. Qc3 Qf7 40. Qc8 Kg6 41. Bxe5 dxe5 42. Qf5+ Qxf5 43. gxf5+ Kf6 44. Kg4 b6 45. Kh5 1-0